• 首页
  • 本馆介绍
  • 公告通知
  • 最新文献
  • 馆藏检索
  • 电子资源
  • 读者导购
  • 参考咨询
  • 我的图书馆
  • 登录
  • 详细信息显示
  • 放入我的书架
  • 预约/预借图书
  • 作者相关作品
  • 分类相关作品
  • 丛书相关作品
  • 出版社相关作品

书目信息

  • 表格格式
  • 工作单格式
  • 卡片格式
题名:
角度计量
    
 
作者: 角度计量编写组 编
分册:  
出版信息: 北京   中国标准出版社  1984.1
页数: 670页
开本: 26cm
丛书名:
单 册:
中图分类: TB932
科图分类:
主题词: 力学--计量
电子资源:
ISBN:
000 00502nam0 2200181 45
001 0312221749
005 20060523082421.42
010    @dCNY5.65
100    @a20031222d1984 km y0chiy0120 ea
101    @achi
200 1  @a角度计量@AJiao Du Ji Liang@f角度计量编写组编@FJiao Du Ji Liang Bian Xie Zu Bian
210    @a北京@c中国标准出版社@d1984.1
215    @a670页@d26cm
606 0  @a力学@x计量
690    @aTB932@v3
701 0  @a角度计量编写组@4编
801    @aCN@bTSTCL@c20060523
905    @a213230@dTB932@e58
    
    角度计量/角度计量编写组编.-北京:中国标准出版社,1984.1
    670页;26cm
    
    
    ISBN :CNY5.65
    
●
相关链接 在E读中查询图书 在五车中查询图书 在当当中查询图书 在豆瓣中查询图书


正题名:角度计量     索取号:TB932/58         预约/预借

序号 登录号 条形码 馆藏地/架位号 状态 备注
1 0118056   202368936   密集书库/ [索取号:TB932/58] 在馆    
2 0118057   001362206   第三借阅区/ [索取号:TB932/58] 在馆    
3 0118058   202368972   密集书库/ [索取号:TB932/58] 在馆    
4 0118059   001697569   密集书库/ [索取号:TB932/58] 在馆    
5 0118060   202370193   密集书库/ [索取号:TB932/58] 在馆    
唐山师范学院图书馆 欢迎您!
大连网信软件有限公司© 版权所有